Dawn in Madinah : a pilgrim's passage
| Main Author: | Iqbal, Muzaffar |
|---|---|
| Published: |
Kuala Lumpur:
Islamic Book Trust,
2007.
|
| Subjects: |
| LEADER | 00556cam a2200169 7i4500 | ||
|---|---|---|---|
| 001 | 0000048363 | ||
| 005 | 20180412090000.0 | ||
| 020 | |a 9789839154924 (pbk.) | ||
| 090 | 0 | 0 | |a BP187.3 |b .I65 2007 |
| 100 | 1 | |a Iqbal, Muzaffar | |
| 245 | 1 | 0 | |a Dawn in Madinah : |b a pilgrim's passage |c Muzaffar Iqbal. |
| 260 | |a Kuala Lumpur: |b Islamic Book Trust, |c 2007. | ||
| 300 | |a 224 p.; |c 23 cm. | ||
| 500 | |a Gift: Zainol Ahmad Resource Center | ||
| 650 | 0 | 0 | |a Pillars of Islam |
| 650 | 0 | 0 | |a Muslim pilgrims and pilgrimages |
| 999 | |a 0000062717 |b BOK |c OPEN SHELF |e 1st Floor, Bestari Jaya | ||


